[Event "Senior-DM 65+ 2025"]
[Site "Copenhagen"]
[Date "2025.02.09"]
[Round "2.8"]
[White "Gronhoj, Benny"]
[Black "Peschardt, Soren"]
[Result "0-1"]
[WhiteElo "2023"]
[BlackElo "1890"]
[WhiteFideId "1404245"]
[BlackFideId "1402927"]
[EventDate "2025.02.08"]
[EventType "swiss"]
[EventRounds "7"]
[EventCountry "DEN"]
[SourceTitle "Live v. Obro Skakforening"]

1. e4 d5 2. exd5 Qxd5 3. d4 Nf6 4. c4 Qd8 5. Nf3 Bg4 6. Be2 c6 7. O-O e6 8. Nc3 Be7 9. h3 Bh5 10. Be3 O-O 11. Ne5 Bxe2 12. Qxe2 Nbd7 13. Rfd1 Bb4 14. Rd3 Qa5 15. Nxd7 Nxd7 16. Ne4 Rae8 17. a3 Be7 18. c5 Nf6 19. Nxf6+ Bxf6 20. b4 Qc7 21. Rad1 Rd8 22. Qg4 Rd5 23. Bf4 Qd7 24. Bc1 Rd8 25. Bb2 h5 26. Qe4 e5 27. f4 exd4 28. Rf1 Re8 29. Qf3 h4 30. Qg4 Re4 31. Qf3 Qe7 32. a4 a6 33. b5 axb5 34. axb5 cxb5 35. Ra3 Rd8 36. Ra7 Qxc5 37. Rxb7 Re3 38. Qf2 Rde8 39. Rc1 Qd5 40. Rcc7 Re1+ 41. Kh2 R8e2 42. Rd7 Rxf2 43. Rxd5 Rff1 0-1

[Event "Senior-DM 65+ 2025"]
[Site "Copenhagen"]
[Date "2025.02.09"]
[Round "2.9"]
[White "Mielow, Bjarne"]
[Black "Pedersen, Karsten Nymann"]
[Result "0-1"]
[WhiteElo "1716"]
[BlackElo "2040"]
[WhiteFideId "1415484"]
[BlackFideId "1410156"]
[EventDate "2025.02.08"]
[EventType "swiss"]
[EventRounds "7"]
[EventCountry "DEN"]
[SourceTitle "Live v. Obro Skakforening"]

1. d4 Nf6 2. Nf3 e6 3. c4 b6 4. a3 Bb7 5. Nbd2 d5 6. g3 c5 7. Bg2 Nbd7 8. O-O Be7 9. e3 O-O 10. dxc5 Nxc5 11. Nb3 dxc4 12. Nxc5 Qxd1 13. Rxd1 Bxc5 14. Bd2 Rfd8 15. Rac1 Rac8 16. Rxc4 Ba6 17. Ra4 Be2 18. Re1 Bxf3 19. Bxf3 Rxd2 20. b4 b5 21. Ra5 Bb6 22. Rxb5 Nd7 23. a4 a6 24. Rh5 g6 25. Rh4 Bd8 26. Re4 e5 27. b5 a5 28. g4 f5 0-1

[Event "Senior-DM 65+ 2025"]
[Site "Copenhagen"]
[Date "2025.02.09"]
[Round "2.10"]
[White "Lauritsen, Niels"]
[Black "Fjordside, Arne Dan"]
[Result "1/2-1/2"]
[WhiteElo "1957"]
[BlackElo "1830"]
[WhiteFideId "1404474"]
[BlackFideId "1418580"]
[EventDate "2025.02.08"]
[EventType "swiss"]
[EventRounds "7"]
[EventCountry "DEN"]
[SourceTitle "Live v. Obro Skakforening"]

1. e4 e6 2. d4 d5 3. Bd3 dxe4 4. Bxe4 Nf6 5. Bf3 Nbd7 6. Ne2 Be7 7. O-O O-O 8. Bf4 Re8 9. Nbc3 c6 10. Qd3 Nf8 11. Rad1 Ng6 12. Bg3 Nd5 13. Nxd5 exd5 14. Rfe1 Bd6 15. Bxd6 Qxd6 16. Ng3 Bd7 17. c3 Qf6 18. Qd2 Nh4 19. Be2 Ng6 20. Bd3 Nf8 21. Rxe8 Rxe8 22. Re1 Rxe1+ 23. Qxe1 g6 24. Qe3 Ne6 25. Ne2 Ng7 26. Kf1 Qd6 27. Qf4 Qxf4 28. Nxf4 Bf5 29. Ke2 Bxd3+ 30. Nxd3 Nf5 1/2-1/2

[Event "Senior-DM 65+ 2025"]
[Site "Copenhagen"]
[Date "2025.02.09"]
[Round "2.11"]
[White "Larsen, Arne Walther"]
[Black "Thuesen, Mogens Henrik"]
[Result "0-1"]
[WhiteElo "1797"]
[BlackElo "2216"]
[WhiteFideId "1411357"]
[BlackFideId "1400878"]
[EventDate "2025.02.08"]
[EventType "swiss"]
[EventRounds "7"]
[EventCountry "DEN"]
[SourceTitle "Live v. Obro Skakforening"]

1. g3 d5 2. Bg2 Nf6 3. d3 c5 4. Nf3 Nc6 5. Nbd2 e5 6. O-O Be7 7. c4 d4 8. b4 cxb4 9. a3 O-O 10. axb4 Bxb4 11. Ba3 Bxa3 12. Rxa3 h6 13. Qb3 Re8 14. Ne1 Re7 15. Nc2 Bg4 16. Re1 Qd6 17. h3 Bf5 18. Rb1 e4 19. Nb4 e3 20. fxe3 Qxg3 21. Nf1 Qg5 22. Kh2 dxe3 23. Nxc6 bxc6 24. Qb4 Rae8 25. Qe1 Nh5 26. Ra5 Re6 27. Ng3 Rg6 28. Rxf5 Qxg3+ 29. Qxg3 Nxg3 30. Bxc6 Re7 31. Rb8+ Kh7 32. Be4 Nxe4 33. dxe4 Rxe4 34. Rxf7 Rxc4 35. Rxa7 Rf4 36. Raa8 Rf2+ 37. Kh1 Rd6 38. Rh8+ Kg6 39. Ra1 Rxe2 40. Rg1+ Kh5 41. Re8 g5 42. Re4 Rdd2 0-1

[Event "Senior-DM 65+ 2025"]
[Site "Copenhagen"]
[Date "2025.02.09"]
[Round "2.12"]
[White "Bauner, Jan"]
[Black "Olsen, Claus B"]
[Result "1/2-1/2"]
[WhiteElo "1880"]
[BlackElo "2023"]
[WhiteFideId "1415832"]
[BlackFideId "1403575"]
[EventDate "2025.02.08"]
[EventType "swiss"]
[EventRounds "7"]
[EventCountry "DEN"]
[SourceTitle "Live v. Obro Skakforening"]

1. d4 Nf6 2. Nf3 g6 3. g3 Bg7 4. Bg2 d6 5. O-O O-O 6. Nbd2 Nc6 7. c3 e5 8. dxe5 dxe5 9. e4 a5 10. Qc2 b6 11. Rd1 Qe7 12. Nf1 1/2-1/2

[Event "Senior-DM 65+ 2025"]
[Site "Copenhagen"]
[Date "2025.02.09"]
[Round "2.13"]
[White "Olesen, Poul Erik Norgaard"]
[Black "Strachan, Christian C"]
[Result "1-0"]
[WhiteElo "1961"]
[BlackElo "1800"]
[BlackFideId "1417215"]
[EventDate "2025.02.08"]
[EventType "swiss"]
[EventRounds "7"]
[EventCountry "DEN"]
[SourceTitle "Live v. Obro Skakforening"]

1. e4 e6 2. d4 d5 3. Nc3 dxe4 4. Nxe4 Bd7 5. Bg5 Be7 6. h4 Bc6 7. Bxe7 Qxe7 8. Nc5 Nd7 9. Nxd7 Qxd7 10. Qg4 f5 11. Qh5+ g6 12. Qe2 O-O-O 13. O-O-O Nf6 14. Nf3 Bxf3 15. gxf3 Rhe8 16. Bg2 Nd5 17. Qe5 Qd6 18. Rhe1 Nf4 19. Bf1 Qxe5 20. Rxe5 c6 21. Bc4 b5 22. Bb3 Kc7 23. c3 a6 24. Kd2 Nd5 25. Rde1 Kd6 26. a4 Nc7 27. R1e2 Rb8 28. Kd3 Nd5 29. Bxd5 cxd5 30. b4 bxa4 31. Ra2 Rb6 32. Rxa4 Rc8 33. Re2 Rbc6 34. Ra3 R8c7 35. f4 Ke7 36. Rea2 Kf6 37. f3 Kg7 38. Kd2 Kf6 39. Rc2 h6 40. Ke3 g5 41. hxg5+ hxg5 42. fxg5+ Kxg5 43. Rg2+ Kf6 44. Kd3 e5 45. Rc2 e4+ 46. Ke3 Ke6 47. Kf4 Rh7 48. Rca2 Rh3 49. fxe4 fxe4 50. Rxa6 Rf3+ 51. Kg4 Rxc3 52. b5 Rd6 53. Rb2 Rc7 54. Rh2 Rg7+ 55. Kf4 Rf7+ 56. Kg5 Rg7+ 57. Kf4 Rf7+ 58. Kg4 Rg7+ 59. Kf4 Rf7+ 60. Kg3 Rxa6 61. bxa6 Ra7 62. Rh6+ Kf5 63. Rd6 Rg7+ 64. Kf2 Kf4 65. Rf6+ Kg5 66. Rb6 Ra7 67. Ke3 Kf5 68. Rh6 Kg5 69. Rd6 Kg4 70. Rxd5 Rxa6 71. Kxe4 Ra1 72. Re5 Ra4 73. Re8 Kg5 74. Ke5 Ra1 75. Rg8+ Kh6 76. Rg2 Re1+ 77. Kd6 Ra1 78. d5 Rd1 79. Ke6 Re1+ 80. Kd7 1-0

[Event "Senior-DM 65+ 2025"]
[Site "Copenhagen"]
[Date "2025.02.09"]
[Round "2.14"]
[White "Petersen, Nils"]
[Black "Rasmussen, Hans Glavind"]
[Result "1-0"]
[WhiteElo "1932"]
[BlackElo "1695"]
[WhiteFideId "1403346"]
[EventDate "2025.02.08"]
[EventType "swiss"]
[EventRounds "7"]
[EventCountry "DEN"]
[SourceTitle "Live v. Obro Skakforening"]

1. c4 e6 2. g3 d5 3. Bg2 Nf6 4. Nf3 Bd7 5. O-O c5 6. Ne5 Nc6 7. Nxd7 Qxd7 8. cxd5 Nxd5 9. Nc3 Be7 10. a3 O-O 11. d3 Rad8 12. Bd2 Bf6 13. Rb1 a6 14. Ne4 Be7 15. Rc1 b6 16. f4 f5 17. Nf2 Bf6 18. e4 fxe4 19. dxe4 Nc7 20. e5 Be7 21. Be3 Nd4 22. Bxd4 Qxd4 23. Qxd4 Rxd4 24. Rfd1 Rfd8 25. Bf3 Rd2 26. Rxd2 Rxd2 27. Rd1 Rxd1+ 28. Nxd1 Nb5 29. Be2 Nc7 30. Kf2 b5 31. Ke3 Kf7 32. Ke4 g6 33. Ne3 h5 34. h3 a5 35. b3 Ke8 36. a4 b4 37. Nc4 Nd5 38. Nxa5 Nc3+ 39. Kd3 Nxe2 40. Kxe2 Kd7 41. Kd3 Bd8 42. Nb7 Bb6 43. Kc4 Kc6 44. Nd6 Bd8 45. h4 Be7 46. Ne4 Kb6 47. Ng5 Bxg5 48. fxg5 1-0

[Event "Senior-DM 65+ 2025"]
[Site "Copenhagen"]
[Date "2025.02.09"]
[Round "2.15"]
[White "Nielsen, Jorgen Lovgren"]
[Black "Vilhelmsen, Claus"]
[Result "1-0"]
[WhiteElo "2030"]
[BlackElo "1684"]
[WhiteFideId "1403850"]
[BlackFideId "1482327"]
[EventDate "2025.02.08"]
[EventType "swiss"]
[EventRounds "7"]
[EventCountry "DEN"]
[SourceTitle "Live v. Obro Skakforening"]

1. e4 d6 2. d4 Nf6 3. Nc3 g6 4. Bc4 Bg7 5. Qe2 e5 6. dxe5 dxe5 7. h3 O-O 8. Nf3 Nbd7 9. Bg5 c6 10. O-O-O b5 11. Bb3 b4 12. Nb1 Qc7 13. g4 a5 14. c3 c5 15. Bd5 Ba6 16. c4 Nb6 17. Bxf6 Bxf6 18. g5 Bg7 19. h4 Rad8 20. h5 Rfe8 21. hxg6 hxg6 22. Qc2 Nxd5 23. Rxd5 Rxd5 24. cxd5 c4 25. Nbd2 Rc8 26. Kb1 Bb5 27. Rc1 a4 28. Ne1 Qc5 29. Nd3 Qe7 30. Nf3 c3 31. Qd1 Bxd3+ 32. Qxd3 Qb7 33. Ka1 cxb2+ 34. Kxb2 Rc3 35. Rxc3 bxc3+ 36. Kxc3 Bf8 37. Kc2 a3 38. Qb3 Qc7+ 39. Kd2 Qa5+ 40. Ke2 Bd6 41. Nd2 Qc5 42. Qc4 Kg7 43. Qxc5 Bxc5 44. Nc4 f6 45. gxf6+ Kxf6 46. f3 g5 47. Kd3 Bb4 48. Kc2 Bc5 49. Kb3 Be7 50. Nxa3 g4 51. fxg4 Kg5 52. Nc4 Bf6 53. Kc3 Kxg4 54. a4 1-0

[Event "Senior-DM 65+ 2025"]
[Site "Copenhagen"]
[Date "2025.02.09"]
[Round "2.16"]
[White "Henriksen, Bjarne Meldgaard"]
[Black "Jensen, Allan Astrup"]
[Result "1/2-1/2"]
[WhiteElo "1821"]
[BlackElo "1967"]
[WhiteFideId "1414399"]
[EventDate "2025.02.08"]
[EventType "swiss"]
[EventRounds "7"]
[EventCountry "DEN"]
[SourceTitle "Live v. Obro Skakforening"]

1. e4 c5 2. Nf3 Nc6 3. d4 cxd4 4. Nxd4 Nf6 5. Nc3 d6 6. Be2 e5 7. Nf3 Be7 8. Bg5 Be6 9. O-O Rc8 10. Qd2 Qb6 11. Rab1 Nd4 12. Nxd4 exd4 13. Bxf6 Bxf6 14. Nd5 Bxd5 15. exd5 O-O 16. Bf3 Rfe8 17. b3 Qc5 18. Rfe1 g6 19. Rxe8+ Rxe8 20. a4 Bg7 21. Kf1 Rc8 22. Be4 Re8 23. Re1 1/2-1/2

[Event "Senior-DM 65+ 2025"]
[Site "Copenhagen"]
[Date "2025.02.10"]
[Round "3.1"]
[White "Moe, Mogens"]
[Black "Andreasen, Per Naesby"]
[Result "1/2-1/2"]
[WhiteElo "2125"]
[BlackElo "2233"]
[WhiteFideId "1400550"]
[BlackFideId "1400886"]
[EventDate "2025.02.08"]
[EventType "swiss"]
[EventRounds "7"]
[EventCountry "DEN"]
[SourceTitle "Live v. Obro Skakforening"]

1. e4 g6 2. d4 Bg7 3. Nc3 c6 4. Nf3 d5 5. h3 dxe4 6. Nxe4 Nd7 7. Bc4 Ngf6 8. Nxf6+ Nxf6 9. O-O O-O 10. Bf4 Bf5 11. Re1 Be4 12. Be5 Bxf3 13. Qxf3 e6 14. Bb3 Nd7 15. Bd6 Re8 16. Rad1 Qb6 17. Qf4 Nf6 18. c4 a5 19. Bc5 Qd8 20. a4 b6 21. Bd6 Ra7 22. g4 g5 23. Qg3 1/2-1/2

[Event "Senior-DM 65+ 2025"]
[Site "Copenhagen"]
[Date "2025.02.10"]
[Round "3.2"]
[White "Pedersen, Karsten Nymann"]
[Black "Andersen, Morten"]
[Result "1-0"]
[WhiteElo "2040"]
[BlackElo "2194"]
[WhiteFideId "1410156"]
[BlackFideId "1504908"]
[EventDate "2025.02.08"]
[EventType "swiss"]
[EventRounds "7"]
[EventCountry "DEN"]
[SourceTitle "Live v. Obro Skakforening"]

1. d4 Nf6 2. Nf3 g6 3. c4 Bg7 4. g3 O-O 5. Bg2 c5 6. O-O d6 7. Nc3 Nc6 8. dxc5 dxc5 9. Be3 Nd7 10. Qd2 Nb6 11. Bxc5 Nxc4 12. Qc2 Nxb2 13. Qxb2 Qa5 14. Qb5 Qxc3 15. Rac1 Qb2 16. Qxb2 Bxb2 17. Rb1 Bf6 18. Nd2 Rd8 19. Ne4 Bg7 20. Rfc1 Nd4 21. Kf1 Nc6 22. Ba3 Be6 23. Rxb7 Bxa2 24. Nc5 Rac8 25. Nd3 Bd5 26. Bxd5 Rxd5 27. Nb4 Bh6 28. Rxc6 Rd1+ 29. Kg2 Rcd8 30. Nd3 Ra1 31. Bxe7 Re8 32. Bf6 Ra2 33. Rb2 1-0

[Event "Senior-DM 65+ 2025"]
[Site "Copenhagen"]
[Date "2025.02.10"]
[Round "3.3"]
[White "Simonsen, Carsten"]
[Black "Alkaersig, Ole"]
[Result "1/2-1/2"]
[WhiteElo "2190"]
[BlackElo "2185"]
[WhiteFideId "1439898"]
[BlackFideId "1401416"]
[EventDate "2025.02.08"]
[EventType "swiss"]
[EventRounds "7"]
[EventCountry "DEN"]
[SourceTitle "Live v. Obro Skakforening"]

1. d4 d5 2. Nf3 Nf6 3. Bf4 c5 4. e3 Nc6 5. Nbd2 cxd4 6. exd4 Bf5 7. c3 e6 8. Bb5 Qb6 9. Qa4 Rc8 10. Ne5 Be7 11. O-O O-O 12. Nb3 Nxe5 13. dxe5 Ne4 14. Qa5 Bd8 15. Qxb6 Bxb6 16. Rad1 Bg4 17. Rc1 Nc5 18. h3 Bf5 19. Nd4 Bg6 20. Rfd1 a6 21. Be2 Na4 22. Rd2 Bxd4 23. Rxd4 b5 24. Rb4 Rc6 25. Be3 Rfc8 26. Bd1 Nc5 27. Bxc5 Rxc5 28. a4 bxa4 29. Rxa4 Bd3 1/2-1/2

[Event "Senior-DM 65+ 2025"]
[Site "Copenhagen"]
[Date "2025.02.10"]
[Round "3.4"]
[White "Peschardt, Soren"]
[Black "Petersen, Peter Birk"]
[Result "0-1"]
[WhiteElo "1890"]
[BlackElo "2117"]
[WhiteFideId "1402927"]
[BlackFideId "1401696"]
[EventDate "2025.02.08"]
[EventType "swiss"]
[EventRounds "7"]
[EventCountry "DEN"]
[SourceTitle "Live v. Obro Skakforening"]

1. d4 Nf6 2. Nf3 e6 3. Bf4 d5 4. e3 Bd6 5. Bg3 O-O 6. Bd3 c5 7. c3 Qc7 8. dxc5 Qxc5 9. Nbd2 Nbd7 10. e4 dxe4 11. Nxe4 Nxe4 12. Bxe4 Be7 13. Bf4 Nf6 14. Qe2 Nxe4 15. Qxe4 f6 16. Be3 Qa5 17. O-O e5 18. Rfd1 Qa6 19. Qd3 Qxd3 20. Rxd3 e4 0-1

[Event "Senior-DM 65+ 2025"]
[Site "Copenhagen"]
[Date "2025.02.10"]
[Round "3.5"]
[White "Thuesen, Mogens Henrik"]
[Black "Olesen, Poul Erik Norgaard"]
[Result "1-0"]
[WhiteElo "2216"]
[BlackElo "1961"]
[WhiteFideId "1400878"]
[BlackFideId "1404253"]
[EventDate "2025.02.08"]
[EventType "swiss"]
[EventRounds "7"]
[EventCountry "DEN"]
[SourceTitle "Live v. Obro Skakforening"]

1. d4 Nf6 2. c4 g6 3. Nc3 Bg7 4. e4 d6 5. f4 O-O 6. Nf3 c5 7. d5 e6 8. dxe6 Bxe6 9. Bd3 Nc6 10. f5 Bc8 11. O-O Ne5 12. Bg5 b6 13. Qd2 Bb7 14. Rad1 Qd7 15. Bc2 Nxf3+ 16. Rxf3 gxf5 17. Rxf5 Ng4 18. Qf4 h5 19. h3 Bd4+ 20. Rxd4 cxd4 21. hxg4 dxc3 22. Bf6 1-0

[Event "Senior-DM 65+ 2025"]
[Site "Copenhagen"]
[Date "2025.02.10"]
[Round "3.6"]
[White "Hartung Nielsen, Jens"]
[Black "Petersen, Nils"]
[Result "1/2-1/2"]
[WhiteElo "2169"]
[BlackElo "1932"]
[WhiteFideId "1400690"]
[BlackFideId "1403346"]
[EventDate "2025.02.08"]
[EventType "swiss"]
[EventRounds "7"]
[EventCountry "DEN"]
[SourceTitle "Live v. Obro Skakforening"]

1. d4 Nf6 2. Nc3 d5 3. Bf4 c6 4. e3 Bf5 5. f3 h6 6. g4 Bh7 7. h4 e6 8. Bd3 Bxd3 9. Qxd3 Bd6 10. Nge2 Na6 11. a3 Qe7 12. Bxd6 Qxd6 13. O-O-O O-O-O 14. e4 e5 15. exd5 exd4 16. Qf5+ Qd7 17. Qxd7+ Rxd7 18. dxc6 bxc6 19. Nxd4 Kc7 20. h5 Rhd8 21. Nf5 Rxd1+ 22. Rxd1 Rxd1+ 23. Kxd1 Ne8 24. b4 Kb6 25. Ne4 Nac7 26. c4 a5 27. Kd2 axb4 28. axb4 Ne6 29. Ke3 Kc7 30. c5 Kd7 31. Kd3 N8c7 32. Kc4 Nb5 33. Nfd6 Nbd4 34. f4 Nf3 35. f5 Ne5+ 36. Kc3 Nf4 37. Nf2 Nd5+ 38. Kd4 Nf3+ 39. Kc4 Ne5+ 40. Kd4 Nf3+ 41. Ke4 1/2-1/2

[Event "Senior-DM 65+ 2025"]
[Site "Copenhagen"]
[Date "2025.02.10"]
[Round "3.7"]
[White "Fjordside, Arne Dan"]
[Black "Skovgaard, Tom"]
[Result "1/2-1/2"]
[WhiteElo "1830"]
[BlackElo "1951"]
[WhiteFideId "1418580"]
[BlackFideId "1406337"]
[EventDate "2025.02.08"]
[EventType "swiss"]
[EventRounds "7"]
[EventCountry "DEN"]
[SourceTitle "Live v. Obro Skakforening"]

1. d4 g6 2. Bf4 d6 3. e3 Bg7 4. Nf3 Nd7 5. Be2 e5 6. Bg3 Ne7 7. h3 O-O 8. O-O Nf5 9. Bh2 exd4 10. exd4 Re8 11. c3 a5 12. Nbd2 Nf8 13. Re1 h6 14. Qc2 Be6 15. Bd3 Nh4 16. Nxh4 Qxh4 17. Bg3 Qf6 18. Ne4 Qd8 19. Nd2 b6 20. Be4 Rb8 21. Bc6 Bd7 22. Bd5 Be6 23. Bc6 1/2-1/2

[Event "Senior-DM 65+ 2025"]
[Site "Copenhagen"]
[Date "2025.02.10"]
[Round "3.8"]
[White "Petersen, Bent"]
[Black "Gronhoj, Benny"]
[Result "0-1"]
[WhiteElo "1932"]
[BlackElo "2023"]
[WhiteFideId "1424211"]
[BlackFideId "1404245"]
[EventDate "2025.02.08"]
[EventType "swiss"]
[EventRounds "7"]
[EventCountry "DEN"]
[SourceTitle "Live v. Obro Skakforening"]

1. d4 Nf6 2. c4 d6 3. Nf3 c6 4. Nc3 Bf5 5. e3 Qc7 6. Bd2 Nbd7 7. Be2 e5 8. dxe5 dxe5 9. Nh4 Be6 10. e4 Nc5 11. Qc2 Be7 12. Nf3 Bg4 13. O-O Ne6 14. Be3 Rd8 15. Rfd1 O-O 16. Rxd8 Rxd8 17. Rd1 Bxf3 18. Bxf3 Nd4 19. Qa4 a5 20. Bxd4 exd4 21. Ne2 Qe5 22. Ng3 d3 23. Qb3 Rd7 24. h3 Bc5 25. Rxd3 Qxg3 26. Rxd7 Qxf2+ 27. Kh2 Nxd7 28. e5 Nxe5 0-1

[Event "Senior-DM 65+ 2025"]
[Site "Copenhagen"]
[Date "2025.02.10"]
[Round "3.9"]
[White "Andersen, Bjarne Hjorth"]
[Black "Nielsen, Jorgen Lovgren"]
[Result "1/2-1/2"]
[WhiteElo "1894"]
[BlackElo "2030"]
[WhiteFideId "1404946"]
[BlackFideId "1403850"]
[EventDate "2025.02.08"]
[EventType "swiss"]
[EventRounds "7"]
[EventCountry "DEN"]
[SourceTitle "Live v. Obro Skakforening"]

1. e4 e5 2. Nf3 Nc6 3. d4 exd4 4. Nxd4 Bc5 5. Be3 Qf6 6. c3 Nge7 7. g3 d6 8. Bg2 Ne5 9. O-O Bd7 10. h3 Nc4 11. Bc1 Nc6 12. Nb3 Bb6 13. N1d2 Be6 14. Qe2 Nxd2 15. Nxd2 O-O-O 16. Nc4 Bc5 17. Bd2 d5 18. exd5 Bxd5 19. Bxd5 Rxd5 20. Be3 Re8 21. Qg4+ Kb8 22. Bxc5 h5 23. Bxa7+ Kxa7 24. Qh4 Qxh4 25. gxh4 Re4 26. Ne3 Rd2 27. Rab1 Rxh4 28. Kg2 Re4 29. Rfd1 Rxd1 30. Rxd1 Re7 31. Rd5 g6 32. b3 Ne5 33. Kg3 c6 1/2-1/2

[Event "Senior-DM 65+ 2025"]
[Site "Copenhagen"]
[Date "2025.02.10"]
[Round "3.10"]
[White "Olsen, Claus B"]
[Black "Moller, Arne Vagn"]
[Result "1/2-1/2"]
[WhiteElo "2023"]
[BlackElo "1861"]
[WhiteFideId "1403575"]
[BlackFideId "1406175"]
[EventDate "2025.02.08"]
[EventType "swiss"]
[EventRounds "7"]
[EventCountry "DEN"]
[SourceTitle "Live v. Obro Skakforening"]

1. d4 Nf6 2. Nf3 e6 3. Bf4 b6 4. e3 Bb7 5. a3 Be7 6. c4 d6 7. Nc3 Nbd7 8. d5 e5 9. Bg3 h6 10. Bd3 O-O 11. Qc2 Re8 12. O-O c6 13. e4 Nc5 14. Be2 cxd5 15. cxd5 Rc8 16. Nd2 a6 17. Rfc1 b5 18. b4 Na4 19. Qb3 Nxc3 20. Rxc3 Qb6 21. Rac1 Rxc3 22. Rxc3 Qd4 23. Qc2 Bd8 24. Bf3 Qa7 25. Nb3 a5 26. bxa5 Bxa5 27. Nxa5 Qxa5 28. h3 Nd7 29. Be2 Nc5 30. f3 b4 31. axb4 Qxb4 32. Bf2 Rc8 33. Kh2 Kf8 34. Be3 f6 35. Rc4 Qb3 36. Qc1 Qb6 37. Bxh6 Ba6 38. Rc2 Bxe2 39. Rxe2 Qa6 40. Rc2 gxh6 41. Qxh6+ Kf7 42. Qh7+ Kf8 43. Qf5 Kf7 44. Qh7+ Kf8 1/2-1/2

[Event "Senior-DM 65+ 2025"]
[Site "Copenhagen"]
[Date "2025.02.10"]
[Round "3.11"]
[White "Larsen, Preben R"]
[Black "Nielsen, Christian Volmer"]
[Result "0-1"]
[WhiteElo "1881"]
[BlackElo "1966"]
[WhiteFideId "1425790"]
[BlackFideId "1419102"]
[EventDate "2025.02.08"]
[EventType "swiss"]
[EventRounds "7"]
[EventCountry "DEN"]
[SourceTitle "Live v. Obro Skakforening"]

1. c4 e5 2. Nc3 Nf6 3. Nf3 Nc6 4. d4 exd4 5. Nxd4 Bc5 6. Nxc6 bxc6 7. e3 O-O 8. Be2 d5 9. O-O Re8 10. Bf3 Be6 11. Qa4 Qd6 12. cxd5 cxd5 13. Rd1 c6 14. Ne4 Nxe4 15. Bxe4 Bg4 16. Bxh7+ Kxh7 17. Qxg4 Re6 18. Qg3 Qe7 19. Bd2 Bd6 20. Qf3 Rh8 21. Bc3 Kg8 22. h3 Rg6 23. Kf1 Qh4 24. Rd4 Qe7 25. Rg4 Rhh6 26. Rd1 Be5 27. Rxg6 Rxg6 28. Bxe5 Qxe5 29. Rd4 Rf6 30. Rf4 Qxb2 31. Rxf6 Qb1+ 32. Ke2 Qxa2+ 33. Kf1 Qa1+ 34. Ke2 Qxf6 35. Qg3 Qb2+ 36. Kf3 Qb7 37. Qd6 Qa8 38. Ke2 a5 39. Kd3 a4 40. Qa3 Qa6+ 41. Kd4 Qc4+ 42. Ke5 c5 43. Kd6 d4 44. exd4 Qxd4+ 45. Kc6 Qxf2 46. Qxa4 Qxg2+ 47. Kxc5 Qg5+ 48. Kb6 Qd8+ 49. Kb7 Qd5+ 50. Kc7 g6 51. h4 Qe5+ 52. Kb6 Kg7 53. Kb7 Qd5+ 54. Kb6 Kh6 55. Qf4+ Kg7 56. Ka7 Qd7+ 57. Kb6 Qd8+ 58. Kc5 Qa5+ 59. Kc6 Qc3+ 60. Kb7 Qc5 61. Qg4 Qe7+ 62. Kb8 f6 63. Ka8 f5 64. Qg3 Qe4+ 65. Ka7 f4 66. Qc3+ Kf7 67. Qh8 Qe7+ 0-1

[Event "Senior-DM 65+ 2025"]
[Site "Copenhagen"]
[Date "2025.02.10"]
[Round "3.12"]
[White "Kjaerbye, Michael Saager"]
[Black "Bauner, Jan"]
[Result "1/2-1/2"]
[WhiteElo "2149"]
[BlackElo "1880"]
[WhiteFideId "1401165"]
[BlackFideId "1415832"]
[EventDate "2025.02.08"]
[EventType "swiss"]
[EventRounds "7"]
[EventCountry "DEN"]
[SourceTitle "Live v. Obro Skakforening"]

1. d4 d5 2. Nf3 Nf6 3. c4 e6 4. Nc3 c6 5. e3 Nbd7 6. Bd3 Be7 7. O-O O-O 8. b3 Re8 9. Bb2 Bf8 10. Rc1 g6 11. Qc2 a5 12. a3 Bg7 13. Rfd1 Qc7 14. cxd5 exd5 15. b4 axb4 16. axb4 Qd6 17. b5 Nb8 18. Ra1 Rxa1 19. Rxa1 c5 20. dxc5 Qxc5 21. Ra8 Be6 22. Na4 Qxc2 23. Bxc2 Nbd7 24. Rxe8+ Nxe8 25. Bxg7 Kxg7 26. Nd4 Nd6 1/2-1/2

[Event "Senior-DM 65+ 2025"]
[Site "Copenhagen"]
[Date "2025.02.10"]
[Round "3.13"]
[White "Nielsen, John Holm"]
[Black "Olsen, Bjorn"]
[Result "1-0"]
[WhiteElo "1978"]
[BlackElo "1861"]
[WhiteFideId "1406256"]
[BlackFideId "1462482"]
[EventDate "2025.02.08"]
[EventType "swiss"]
[EventRounds "7"]
[EventCountry "DEN"]
[SourceTitle "Live v. Obro Skakforening"]

1. Nc3 d5 2. e4 dxe4 3. Nxe4 e5 4. Nf3 Nf6 5. Nxf6+ Qxf6 6. d4 exd4 7. Qxd4 Qxd4 8. Nxd4 Bc5 9. Nb5 Bb6 10. Bf4 Na6 11. O-O-O O-O 12. f3 Be6 13. Nd4 Nb4 14. Nxe6 fxe6 15. Bd2 Nd5 16. Re1 Rae8 17. c4 Nf4 18. g3 Ng6 19. f4 Bd4 20. Bg2 e5 21. Re4 c5 22. Rhe1 Rf6 23. Kc2 Ref8 24. fxe5 Rf2 25. R4e2 Rxe2 26. Rxe2 Nxe5 27. Bxb7 Kh8 28. b3 Ng4 29. Bf4 h6 30. h4 a5 31. Bc6 Nf6 32. Bd2 Nh5 33. g4 Nf4 34. Re8 Rxe8 35. Bxe8 Ng2 36. g5 Be3 37. Bxa5 Nxh4 38. gxh6 gxh6 39. Bc3+ Kg8 40. a4 Bf4 41. a5 Bc7 42. a6 Bb6 43. Bd2 Nf5 44. Kd3 Kf8 45. Bd7 Nd4 46. Bxh6+ Ke7 47. Ba4 Kd8 48. Be3 Ne6 49. b4 Kc7 50. b5 Kb8 51. Bd1 Ka7 52. Ke4 Nc7 53. Be2 Kb8 54. Bf4 Ka7 55. Ke5 Ne8 56. Ke6 Ng7+ 57. Kd7 Nf5 58. Bg4 Nd4 59. Ke8 1-0

[Event "Senior-DM 65+ 2025"]
[Site "Copenhagen"]
[Date "2025.02.10"]
[Round "3.14"]
[White "Lontoft, Sven"]
[Black "Lauritsen, Niels"]
[Result "1/2-1/2"]
[WhiteElo "1809"]
[BlackElo "1957"]
[WhiteFideId "1441523"]
[BlackFideId "1404474"]
[EventDate "2025.02.08"]
[EventType "swiss"]
[EventRounds "7"]
[EventCountry "DEN"]
[SourceTitle "Live v. Obro Skakforening"]

1. c4 Nc6 2. g3 e5 3. Bg2 g6 4. Nc3 Bg7 5. e3 d6 6. Nge2 Nge7 7. d4 exd4 8. exd4 O-O 9. O-O Re8 10. Bg5 h6 11. Bxe7 Qxe7 12. Re1 Bg4 13. Nd5 Qd7 14. f3 Be6 15. Ne3 Bh3 16. Qd2 Bxg2 17. Kxg2 h5 18. Nd5 Ne7 19. Nec3 Nxd5 20. Nxd5 c6 21. Nc3 Rxe1 22. Rxe1 Re8 23. Rxe8+ Qxe8 24. Ne4 Qe7 1/2-1/2